[Event "Penang op-B 9th"]
[Site "Penang"]
[Date "2017.12.08"]
[Round "8"]
[White "Su, Weng Yang Joel"]
[Black "Jelsen, Yemi"]
[Result "0-1"]
[WhiteElo "1727"]
[BlackElo "1934"]
[PlyCount "88"]
[EventDate "2017.12.04"]
[EventType "swiss"]
[EventRounds "9"]
[EventCountry "MAS"]
[SourceTitle "CBM 182 Extra"]
[Source "ChessBase"]
[SourceDate "2018.02.23"]
[SourceVersion "1"]
[SourceVersionDate "2018.02.23"]
[SourceQuality "1"]

1. e4 c5 2. Nf3 d6 3. d4 cxd4 4. Nxd4 Nf6 5. Nc3 a6 6. Be3 e5 7. Nb3 Be6 8. f3 Nbd7 9. Qd2 b5 10. 0-0-0 Be7 11. g4 Nb6 12. Bxb6 Qxb6 13. Nd5 Nxd5 14. exd5 Bd7 15. Na5 b4 16. Nc4 Qc5 17. Be2 Bb5 18. b3 a5 19. Nb2 Bd7 20. Na4 Qc7 21. Kb1 0-0 22. f4 exf4 23. Qxf4 Bf6 24. Rd3 Rac8 25. Qd2 Rfe8 26. Bd1 Bxa4 27. bxa4 Qd7 28. h4 Qxa4 29. c4 Qd7 30. g5 Be5 31. h5 Rxc4 32. g6 h6 33. gxf7+ Qxf7 34. Rf3 Bf4 35. Qf2 Rc1+ 36. Kb2 Qf6+ 37. Kb3 Rc3+ 38. Ka4 Ra3+ 39. Rxa3 bxa3 40. Bb3 Re4+ 41. Kb5 Qd8 42. Bc2 Rb4+ 43. Ka6 Qc8+ 44. Kxa5 Rb2 0-1